000 00829nam a22002897a 4500
001 0056202
003 KOHA_MİRAKIL
005 20260207004041.0
007 ta
008 160307b2011 tu |||gr||||#||||1|tur |
020 _a9786058781702
040 _aTR-BiSEU
_btur
_cTR-BiSEU
_erda
041 0 _atur
044 _ctu
050 _aPN886
_b.K39 2011
100 1 _aKaya, Hülya.
245 1 _aÇeviri eğitiminde metin çalışmaları/
_cHülya Kaya ; Hülya Kaya.
264 1 _aİzmir :
_bOkullar Yayınevi
_c2011
300 _a147 sayfa ;
_c24 cm
336 _ametin
_btxt
_2rdacontent
337 _aaracısız
_bn
_2rdamedia
338 _acilt
_bnc
_2rdacarrier
650 0 _aDil.
_91577
650 0 _aTürk dili.
_96755
650 0 _aUygulamalı dilbilim (Resmi dil politikaları).
_9104103
942 _2lcc
_cBK
999 _c56010
_d56010